Principles of physical, organic, and biological chemistry

সংরক্ষণ করুন:
গ্রন্থ-পঞ্জীর বিবরন
প্রধান লেখক: Holum, JohnR.
বিন্যাস: গ্রন্থ
ভাষা:Undetermined
প্রকাশিত: New York John Wiley and Sons, Inc 1969
বিষয়গুলি:
ট্যাগগুলো: ট্যাগ যুক্ত করুন
কোনো ট্যাগ নেই, প্রথমজন হিসাবে ট্যাগ করুন!
Thư viện lưu trữ: Trung tâm Học liệu Trường Đại học Cần Thơ
LEADER 00502nam a2200181Ia 4500
001 CTU_82926
008 210402s9999 xx 000 0 und d
082 |a 540 
082 |b H722 
100 |a Holum, JohnR. 
245 0 |a Principles of physical, organic, and biological chemistry 
245 0 |c JohnR. Holum 
260 |a New York 
260 |b John Wiley and Sons, Inc 
260 |c 1969 
650 |a Chemistry 
904 |i QHieu(sửa) 
980 |a Trung tâm Học liệu Trường Đại học Cần Thơ